<?xml version="1.0" encoding="UTF-8"?>
<marc:record xmlns:marc="http://www.loc.gov/MARC21/slim">
   <marc:leader>00000nam a2200000 a 4500</marc:leader>
   <marc:datafield ind1="1" ind2=" " tag="100">
      <marc:subfield code="a">Schuster, Monika</marc:subfield>
      <marc:subfield code="4">ctb</marc:subfield>
      <marc:subfield code="e">Mitwirkende/-r</marc:subfield>
   </marc:datafield>
   <marc:datafield ind1=" " ind2=" " tag="653">
      <marc:subfield code="a">Soße</marc:subfield>
   </marc:datafield>
   <marc:datafield ind1=" " ind2=" " tag="653">
      <marc:subfield code="a">Dip</marc:subfield>
   </marc:datafield>
   <marc:datafield ind1=" " ind2=" " tag="653">
      <marc:subfield code="a">Softcover / Ratgeber/Essen</marc:subfield>
   </marc:datafield>
   <marc:datafield ind1=" " ind2=" " tag="653">
      <marc:subfield code="a">Trinken/Themenkochbücher</marc:subfield>
   </marc:datafield>
   <marc:datafield ind1=" " ind2=" " tag="653">
      <marc:subfield code="a">Kochbuch</marc:subfield>
   </marc:datafield>
   <marc:datafield ind1="0" ind2="0" tag="245">
      <marc:subfield code="a">Saucen</marc:subfield>
   </marc:datafield>
   <marc:datafield ind1="0" ind2="0" tag="245">
      <marc:subfield code="b">über 100 Rezepte für kalte und warme Saucen</marc:subfield>
   </marc:datafield>
   <marc:datafield ind1="0" ind2="0" tag="245">
      <marc:subfield code="c">Monika Schuster</marc:subfield>
   </marc:datafield>
   <marc:datafield ind1=" " ind2="1" tag="264">
      <marc:subfield code="a">München</marc:subfield>
      <marc:subfield code="b">Gräfe und Unzer</marc:subfield>
      <marc:subfield code="c">2010</marc:subfield>
   </marc:datafield>
   <marc:datafield ind1="1" ind2=" " tag="520">
      <marc:subfield code="a">Angaben aus der Verlagsmeldung

Saucen : Über 100 Rezepte für kalte und warme Saucen / von Monika Schuster

Spanferkelrücken mit Knödeln, Ochsenbrust mit Salzkartoffeln, Rehrücken mit Bandnudeln - erst mit einer Sauce werden diese Gerichte zu einer runden Sache. Aber was Köche scheinbar aus dem Ärmel schütteln, mag zuhause nicht immer gelingen. Deshalb hier die wichtigen Schritte für das Saucekochen leicht nachvollziehbar und gelingsicher. Fond kochen, Mayonnaise rühren, Sauce hollandaise aufschlagen und Bratensauce reduzieren - kein Problem. Sind die Grundlagen gelegt, schwelgen alle in Pfeffer-Cognac-Sauce mit Lendensteak, Schaschliksauce mit Schweinefiletspieß und Basilikumbuttersauce mit Lachs. Das wird der Braten fast zur NebensacheUnd Saucen selber machen lohnt sich, denn so weiß man immer was drin ist: beste frische Zutaten.
</marc:subfield>
   </marc:datafield>
   <marc:datafield ind1=" " ind2=" " tag="020">
      <marc:subfield code="a">9783833814792</marc:subfield>
      <marc:subfield code="9">9783833814792</marc:subfield>
   </marc:datafield>
   <marc:datafield ind1=" " ind2=" " tag="041">
      <marc:subfield code="a">ger</marc:subfield>
   </marc:datafield>
   <marc:datafield ind1=" " ind2=" " tag="300">
      <marc:subfield code="a">168 S.</marc:subfield>
   </marc:datafield>
</marc:record>
